| 000 | 00678nam a2200205 a 4500 | ||
|---|---|---|---|
| 001 | 000010746 | ||
| 005 | 20240412074220.0 | ||
| 008 | 091009t1984 dr 001 p spa d | ||
| 040 |
_aDO-SdBNP _bspa _cBNPHU |
||
| 082 |
_aRD861.44 _bP437p |
||
| 100 | 1 |
_aPerelló, Ramón Lorenzo, _d1924- _925958 |
|
| 245 | 1 | 0 |
_aDe pueblo en pueblo / _cRamón Lorenzo Perelló. |
| 260 |
_aSanto Domingo : _bCorripio, _c1984. |
||
| 300 |
_a120 p. ; _c19 cm. |
||
| 500 | _aIncluye datos biográficos del autor en la contracubierta. | ||
| 590 | _aInventariado, 2018 / DG | ||
| 650 | 0 |
_aPoesía dominicana _966 |
|
| 650 | 0 |
_aLiteratura dominicana. _967 |
|
| 910 | _aValidado. Control de calidad EMS. | ||
| 999 |
_c10501 _d10501 |
||